Statistics for Most Known Star Wars Characters

Click here to take the quiz!

General Stats

  • This quiz has been taken 645 times
    (627 since last reset)
  • The average score is 13 of 15

Answer Stats

DescriptionCharacter Names% Correct
The son of Anakin Skywalker, restores balance to the forceLuke Skywalker
97%
Droid, best friend of Anakin Skywalker and C3POR2-D2
97%
Has a green light saber, hundreds of years old, very skilled and wise, in the jedi councilYoda
97%
The Chosen One, turns to the dark side, blue light saberAnakin Skywalker
96%
Best friend of Luke Skywalker and Chewbacca, very good with blasters, owns Millennium FalconHan Solo
96%
Has a blue light saber, master of Anakin Skywalker, exiled to TatooineObi-Wan Kenobi
95%
Dark side jedi, double-sided light saber, kills Qui-Gon jinnDarth Maul
94%
Half metal, red light saber, causes an imbalance of the forceDarth Vader
94%
Bounty hunter decked out in green, is eaten by a sarlacc and spit outBoba Fett
93%
A wookie, talks in the wookie language, best friend of Han SoloChewbacca
93%
Very skilled with a purple light saber, killed by Darth SidiousMace Windu
92%
The most evil dark side master in centuries, turns Anakin to the dark sideDarth Sidious
88%
A droid, R2-D2's best friend, Princess Amidala's droid (a gift from Anakin Skywalker)C3PO
85%
a princess, sister of Luke Skywalker, brave, can shoot blasters wellPrincess Leia Organa
79%
has four light sabers, barely human, mostly android, not a jedi, defeated by Obi-Wan KenobiGeneral Greivous
46%

Score Distribution

Percentile by Number Answered

Percent of People with Each Score

Your Score History

You have not taken this quiz since the last reset